000
00273nam a2200121Ia 4500
008
190216s9999||||xx |||||||||||||| ||und||
100
_a
Mohammed Yusuf Amani
245
0
_a
Al-Qura-T-Al-Mujeeda
260
_b
Ameera & Company
300
_a
256
650
_a
Arabic
942
_c
BK
999
_c
126
_d
126